| 000 | 00775nam a2200229 i 4500 | ||
|---|---|---|---|
| 001 | 31182 | ||
| 003 | ES-MaACL | ||
| 005 | 20231227160934.0 | ||
| 007 | t| | ||
| 008 | 030128s1892 sp |||| | spa d | ||
| 100 | 1 |
_aBenavente, Jacinto, _d1866-1954 _927443 |
|
| 245 | 1 | 0 |
_aTeatro fantástico / _cJacinto Benavente. |
| 260 |
_aMadrid : _b[s.n., _c1892] ( _fTip. Franco Española) |
||
| 300 |
_a226 p. ; _c14 cm. |
||
| 505 | 8 | _aContiene: Amor de artista. Los favoritos: comedia en un acto. El encanto de una hora: diálogo. Cuento de primavera: comedia en dos actos | |
| 740 | 0 | 2 | _aAmor de artista. |
| 740 | 4 | 2 | _aLos favoritos. |
| 740 | 3 | 2 | _aEl encanto de una hora. |
| 740 | 0 | 2 | _aCuento de primavera. |
| 852 |
_aES-MaACL _jF-10154 |
||
| 999 |
_c31182 _d31182 |
||